000 00476nam a2200217Ia 4500
003 IT-RoPAU
008 120407s9999 xx 000 0 und d
040 _aIT-RoPAU
040 _cIT-RoPAU
041 _aita
100 _aChromatius
100 _csanctus
245 _aSermons. Testo latino-francese. 2 voll.
250 _aParis
260 _aCerf
300 _c19,5 cm
490 _aSources Chrétiennes, 154 e 164
490 _v1
942 _cBK
999 _c23430
_d23430